000 00355nam a2200145Ia 4500
008 210210b1919 xxu||||| |||| 00| 0 eng d
041 _aeng
082 _a829/988
100 _aSHEEHAN (P A)
245 _aGlenanaar
260 _aLondon
_bLongmans Green and Company Limited
_c1919
650 _aGlenanaar
690 _aEnglish Fiction
906 _a017603
999 _c137587
_d137587